000 00347pab a2200145 454500
008 180718b2014 xxu||||| |||| 00| 0 eng d
100 _aMacCarthaigh, Muiris
245 _aState agencies and state enterprises
260 _c2014
300 _ap.75-77.
650 _aPublic sector
773 _aAdministration
908 _aN
909 _a103713
999 _c103709
_d103709